Science Quiz

Random Science or Astronomy Quiz

Solar System Moons Quiz Stats

 Plays Quiz Updated Dec 16, 2018

     
Support Sporcle.
Go Orange.
Score 0/25 Timer 05:00
10 Plays Today
Moon % Correct
Moon
97.6%
Io
80.6%
Titan
76.6%
Europa
70.2%
Ganymede
65.4%
Phobos
63.8%
Deimos
57.6%
Charon
56.3%
Callisto
53.5%
Triton
51.1%
Nix
39.3%
Hydra
37.3%
Titania
36.7%
Moon % Correct
Oberon
33.7%
Miranda
31.9%
Ariel
31%
Rhea
30.3%
Phoebe
28.3%
Enceladus
26.8%
Umbriel
26.4%
Dione
24.1%
Mimas
23.9%
Hyperion
23.7%
Iapetus
23.4%
Tethys
22.9%

From the Vault

My Friends Call Me...

by aquascape

Movies 6m
My given name is Benjamin Buford Blue, but people call me...
Remove Ads.
Support Sporcle.
Get the best of Sporcle when you Go Orange. This ad-free experience offers more features, more stats, and more fun while also helping to support Sporcle. Thank you for becoming a member.

Show Comments

Extras

Top Quizzes Today


Score Distribution

Your Account Isn't Verified!

In order to create a playlist on Sporcle, you need to verify the email address you used during registration. Go to your Sporcle Settings to finish the process.

Report this User

Report this user for behavior that violates our Community Guidelines.

Details: